All foreign players Southampton FC - Statistics

General Stats
  • This quiz has been taken 15 times
  • The average score is 47 of 164
Answer Stats
Hint Answer % Correct
Jan Bednarek
91%
Virgil Van Dijk
91%
Dušan Tadić
82%
Graziano Pellè
82%
Joe Aribo
82%
José Fonte
82%
Maya Yoshida
82%
Sadio Mané
82%
Victor Wanyama
82%
Aly Dia
73%
Armel Bella-Kotchap
73%
Cuco Martina
73%
Duje Ćaleta-Car
73%
Manolo Gabbiadini
73%
Mohammed Salisu
73%
Oriol Romeu
73%
Pierre-Emile Højbjerg
73%
Roméo Lavia
73%
Yan Valery
73%
Carlos Alcaraz
64%
Cédric
64%
Gastón Ramírez
64%
Henri Camara
64%
Morgan Schneiderlin
64%
Moussa Djénépo
64%
Stern John
64%
Toby Alderweireld
64%
Antti Niemi
55%
Fabrice Fernandes
55%
Jannik Vestergaard
55%
Kamaldeen Sulemana
55%
Kenwyne Jones
55%
Marians Pahars
55%
Mario Lemina
55%
Mohamed Elyounoussi
55%
Paulo Gazzaniga
55%
Romain Perraud
55%
Sofiane Boufal
55%
Takumi Minamino
55%
Willy Caballero
55%
Adrian Cáceres
45%
Daniel Osvaldo
45%
Dejan Lovren
45%
Eljero Elia
45%
Emmanuel Mayuka
45%
Ibrahima Diallo
45%
Kenneth Monkou
45%
Lyanco
45%
Martín Cáceres
45%
Paul Onuachu
45%
Sékou Mara
45%
Wesley Hoedt
45%
Agustín Delgado
36%
Anders Svensson
36%
Armando Broja
36%
Artur Boruc
36%
Claud Lundekvam
36%
Dani Rodrigues
36%
Jordy Clasie
36%
Juanmi
36%
Maarten Stekelenburg
36%
Michael Svensson
36%
Mislav Oršić
36%
Pelé
36%
Steve De Ridder
36%
Bruce Grobbelaar
27%
Dan Petrescu
27%
Egil Østenstad
27%
Eyal Berkovic
27%
Florin Gardoş
27%
Grzegorz Rasiak
27%
Guido Carrillo
27%
Guly
27%
Jelle Van Damme
27%
Jhon Viáfara
27%
Jos Hooiveld
27%
Jo Tessem
27%
Kasey Keller
27%
Marek Saganowski
27%
Radhi Jaïdi
27%
Ricardo Fuller
27%
Rudi Skácel
27%
Tadanari Lee
27%
Taher El-Khalej
27%
Vegard Forren
27%
Yoann Folly
27%
Alexander Östlund
18%
Andreas Jakobsson
18%
Andrey Kanchelskis
18%
Boa Morte
18%
Djamel Belmadi
18%
Filip Đuričić
18%
Hassan Kachloul
18%
Imants Bleidelis
18%
Jason Euell
18%
Jérémy Pied
18%
Jonathan Forte
18%
Juan Larios
18%
Léandre Griffit
18%
Papa Waigo
18%
Tim Sparv
18%
Allan Tchaptchet
9%
Bartosz Białkowski
9%
Caleb Watts
9%
Danny Higginbotham
9%
Dexter Blackstock
9%
Iñigo Idiakez
9%
Ivan Golac
9%
Jean-Paul Saeijs
9%
Marco Almeida
9%
Mateusz Lis
9%
Michail Antonio
9%
Peter Madsen
9%
Robbie Slater
9%
Trond Soltvedt
9%
Ulrich Van Gobbel
9%
Youssef Safri
9%
Alaeddine Yahia
0%
Aleksey Cherednik
0%
Alessandro Atzeni
0%
Alexandre Jankewitz
0%
Andrej Pernecký
0%
Andrejs Pereplotkins
0%
Barinaga
0%
Cédric Baseya
0%
Chris Sharpe
0%
Cody Cropper
0%
Danny Hoekman
0%
Dany N'Guessan
0%
Federico Arias
0%
Grégory Vignal
0%
Iago Falque
0%
Ivan Katalinić
0%
Jacinto Elá
0%
Jake Thomson
0%
Jay Lucas
0%
Jim Brennan
0%
Kamil Kosowski
0%
Kazeem Olaigbe
0%
Kevin Danso
0%
Kléber Chalá
0%
Lezama
0%
Lucien Mettomo
0%
Marcelo Sarmiento
0%
Marcelo Tejera
0%
Mario Lička
0%
Michael Stensgaard
0%
Mikael Nilsson
0%
Mouez Hassen
0%
Olivier Bernard
0%
Patrick Colleter
0%
Reuben Agboola
0%
Romain Gasmi
0%
Ronnie Ekelund
0%
Saphir Taïder
0%
Scott McDonald
0%
Sergey Gotsmanov
0%
Steven Caulkner
0%
Stig Johansen
0%
Tomáš Pekhart
0%
Tomasz Hajto
0%
Uwe Rösler
0%
Vincent Péricard
0%
Zoltán Lipták
0%
No matching quizzes found
Score Distribution
Percent of People with Each Score
Percentile by Number Answered
Your Score History
You have not taken this quiz